000 00428nam a22001697a 4500
005 20251108171804.0
008 250721s9999 xx 000 0 ara d
082 1 4 _aط/599.8/روب
100 1 _aروبن، مارى
245 1 0 _aالبعام /
264 1 _aميلانو :
_bميدليفانت،
300 _a24ص : مص
490 0 _aزدني قربا
650 1 7 _aالقرود
942 _2ddc
_cBK
999 _c62556
_d62556